ბათუმის შოთა რუსთაველის სახელმწიფო უნივერსიტეტის ბიბლიოთეკა

A Proclamation to the Goverment officials of the United States of America and to the Goverment officials of Canada (ბიბ.ჩანაწერი № 35651)

000 -LEADER
fixed length control field 00569nam a2200181Ia 4500
001 - CONTROL NUMBER
control field 1524
003 - CONTROL NUMBER IDENTIFIER
control field GE_BSU
008 - FIXED-LENGTH DATA ELEMENTS--GENERAL INFORMATION
fixed length control field 181216s||||||||xx |||||||||||||| ||und||
020 ## - INTERNATIONAL STANDARD BOOK NUMBER
International Standard Book Number 9781937271015
040 ## - CATALOGING SOURCE
Transcribing agency GE_BSU
080 ## - UNIVERSAL DECIMAL CLASSIFICATION NUMBER
Universal Decimal Classification number 32(7)
245 #2 - TITLE STATEMENT
Title A Proclamation to the Goverment officials of the United States of America and to the Goverment officials of Canada
260 ## - PUBLICATION, DISTRIBUTION, ETC.
Date of publication, distribution, etc. 2010
300 ## - PHYSICAL DESCRIPTION
Extent 17стр.
653 ## - INDEX TERM--UNCONTROLLED
Uncontrolled term A Proclamation to the Goverment officials of the United States of America and to the Goverment officials of Canada
942 ## - ADDED ENTRY ELEMENTS (KOHA)
Koha item type წიგნი
ეგზემპლარები
Withdrawn status Lost status Damaged status Not for loan Date acquired Barcode Date last seen Price effective from Koha item type
        2018-12-17 2046 2018-12-17 2018-12-17 წიგნი